[Event "BEL-ch U14"]
[Site "Blankenberge"]
[Date "2017.04.12"]
[Round "5"]
[White "Michielsen, Kobus"]
[Black "Hanzl, Tadeas"]
[Result "1/2-1/2"]
[WhiteElo "1777"]
[BlackElo "1557"]
[PlyCount "86"]
[EventDate "2017.04.09"]
[EventType "swiss"]
[EventRounds "9"]
[EventCountry "BEL"]
[SourceTitle "CBM 178 Extra"]
[Source "ChessBase"]
[SourceDate "2017.06.22"]
[SourceVersion "1"]
[SourceVersionDate "2017.06.22"]
[SourceQuality "1"]

1. e4 c5 2. Nf3 Nc6 3. c3 d5 4. exd5 Qxd5 5. d4 Bf5 6. Be2 e6 7. 0-0 Nf6 8. Be3 Ng4 9. Bf4 Be7 10. Bg3 Rd8 11. c4 Qd7 12. h3 Nh6 13. dxc5 Bxc5 14. Nc3 0-0 15. a3 Nd4 16. Nxd4 Bxd4 17. Qb3 Bxc3 18. Qxc3 Be4 19. Rfd1 Qc8 20. Bh2 Nf5 21. b4 a6 22. Rac1 Rxd1+ 23. Rxd1 Rd8 24. Rxd8+ Qxd8 25. b5 axb5 26. cxb5 h6 27. a4 Nd4 28. Bf1 Qf6 29. Qe3 Bd5 30. Be5 Nf5 31. Qf4 Qd8 32. Bc7 Qd7 33. a5 f6 34. Qc1 Nd4 35. Qc5 Nb3 36. Qb6 Nd2 37. a6 bxa6 38. bxa6 Nxf1 39. Kxf1 Qc6 40. Qxc6 Bxc6 41. g3 Kf7 42. a7 g6 43. Ke2 Ke8 1/2-1/2